|
วิทยาลัยพยาบาลบรมราชชนนี ยะลา |
|
แสดงรายละเอียดบรรณานุกรม |
|
|
Brief Record
: Get Marc (ISO 2709)
: E-mail record
: |
|
| LEADER 00000nam 2200000uu 4500 | |||
| 001 3837 | |||
| 003 ULIBM | |||
| 008 090469s2569||||th 000 0 tha d | |||
| 020 ^a9786161631338 | |||
| 050 4 ^aWY157.3^bส747ก | |||
| 110 0 ^aสุโขทัยธรรมาธิราช | |||
| 245 00 ^aการพยาบาลมารดา ทารก การผดุงครรภ์ และการฝึกปฏิบัติการพยาบาล 1 หน่วยที่ 9 - 15 /^cสุโขทัยธรรมาธิราช | |||
| 246 14 ^aเอกสารการสอนชุดวิชา | |||
| 250 ^aพิมพ์ครั้งที่ 5 | |||
| 260 ^aนนทบุรี :^bสำนักพิมพ์มหาวิทยาลัยสุโขทัยธรรมาธิราช,^c2569. | |||
| 500 ^aเอกสารการสอนชุดวิชา 51210 หน่วยที่ 9-15 | |||
| 650 4 ^aมารดา ทารก | |||
| 650 0 ^aฝึกปฏิบัติการพยาบาล | |||
| 710 2 ^aมหาวิทยาลัยสุโขทัยธรรมาธิราช.^bสาขาวิชาศิลปศาสตร์ | |||
| 999 ^aอีมาน | |||
| คุณยังไม่ได้ล็อกอิน คุณสามารถมีกิจกรรมร่วมกับเว็บไซต์ได้ แต่ต้องล็อกอินก่อน :: |
|
| สถานะ | |||||||||
| 1. | หนังสือ มสธ. | WY157.3 ส747ก 2569 ฉ.1 | ►หนังสือมสธ. | On Shelf | |||||
| 2. | หนังสือ มสธ. | WY157.3 ส747ก 2569 ฉ.2 | ►หนังสือมสธ. | On Shelf | |||||
| 3. | หนังสือ มสธ. | WY157.3 ส747ก 2569 ฉ.3 | ►หนังสือมสธ. | On Shelf | |||||
| 4. | หนังสือ มสธ. | WY157.3 ส747ก 2569 ฉ.4 | ►หนังสือมสธ. | On Shelf | |||||
| 5. | หนังสือ มสธ. | WY157.3 ส747ก 2569 ฉ.5 | ►หนังสือมสธ. | On Shelf | |||||
| [แสดง 5/5 รายการ] | |||||||||
| รายการใกล้เคียง หัวเรื่อง [มารดา ทารก] หัวเรื่อง [ฝึกปฏิบัติการพยาบาล] |
BibComment |
| คอมเมนท์ทรัพยากรรายการนี้ |
|
|